Playwrights (by the letter) Quiz Stats

 Plays Quiz not verified by Sporcle

Challenge
Share
Tweet
Embed
Score 0/26 Timer 05:00
0 Plays Today
% Correct
William Shakespeare
92.7%
Arthur Miller
91.2%
Oscar Wilde
90.9%
Anton Chekov
90.5%
Henrik Ibsen
90.1%
J.M. Barrie
90.1%
Edward Albee
86.5%
Eugene O'Neill
85.8%
Johann Wolfgang von Goethe
84.3%
Euripides
84.3%
Harold Pinter
77.7%
Xenarchus
76.3%
Edmond Rostand
75.2%
% Correct
Lillian Hellman
74.8%
Dylan Thomas
74.5%
Peter Ustinov
73.7%
Marsha Norman
71.9%
Joseph Kesselring
70.1%
Émile Zola
70.1%
Ben Jonson
67.5%
Gore Vidal
65.3%
William Butler Yeats
65%
Dario Fo
64.2%
Philippe Quinault
61.3%
John Dryden
59.9%
Eugene Labiche
54%

You're not logged in!

Compare scores with friends on all Sporcle quizzes.
OR
Log In

You Might Also Like...

Show Comments

Extras

Top Quizzes Today


Score Distribution

Your Account Isn't Verified!

In order to create a playlist on Sporcle, you need to verify the email address you used during registration. Go to your Sporcle Settings to finish the process.

Report this User

Report this user for behavior that violates our Community Guidelines.

Details: